[Event "Pforzheim op"]
[Site "Pforzheim"]
[Date "2005.10.29"]
[Round "1"]
[White "Erhard, Patrick"]
[Black "Allkemper, Matthias"]
[Result "1/2-1/2"]
[WhiteElo "1486"]
[BlackElo "966"]
[PlyCount "102"]
[EventDate "2005.10.29"]
[EventType "swiss"]
[EventRounds "7"]
[EventCountry "GER"]
[SourceTitle "EXT 2007"]
[Source "ChessBase"]
[SourceDate "2006.11.23"]
[SourceVersion "1"]
[SourceVersionDate "2006.11.23"]
[SourceQuality "1"]

1. d4 d5 2. c4 e5 3. dxe5 dxc4 4. Qxd8+ Kxd8 5. e3 Nc6 6. Nf3 Nb4 7. Nd4 Nd3+ 8. Bxd3 cxd3 9. 0-0 Bc5 10. Nc3 Bxd4 11. exd4 f6 12. f4 Ne7 13. Rf3 Bf5 14. h3 Nc6 15. Be3 Nb4 16. g4 Be6 17. f5 Bd5 18. Nxd5 Nxd5 19. Rd1 Re8 20. e6 Ke7 21. Rxd3 Nxe3 22. Rfxe3 Rad8 23. Re2 Rd5 24. Rc2 Rc8 25. b4 b6 26. a4 g6 27. Rg2 c5 28. bxc5 bxc5 29. Rc2 gxf5 30. gxf5 Rxf5 31. d5 Kd6 32. Rcd2 c4 33. Rd4 c3 34. Rc2 Rxd5 35. Rh4 Kxe6 36. Rxh7 Rd1+ 37. Kf2 Rd2+ 38. Rxd2 cxd2 39. Ke2 Rc2 40. Rxa7 Ke5 41. Rd7 Ra2 42. Rxd2 Rxa4 43. Rd3 Re4+ 44. Re3 Kf4 45. Rxe4+ Kxe4 46. Kf2 Kf4 47. Kg2 f5 48. Kf2 Kg5 49. Kg3 f4+ 50. Kf3 Kh4 51. Kxf4 Kxh3 1/2-1/2